LEADER 01570nam1-2200409---450- 001 990000809730203316 005 20091117151057.0 010 $a88-02-03642-X 035 $a0080973 035 $aUSA010080973 035 $a(ALEPH)000080973USA01 035 $a0080973 100 $a20011220d1985----km-y0ITAy01------ba 101 $aita 102 $aIT 105 $a||||||||001yy 200 1 $a<> scienza del diritto penale, relazioni e fonti del diritto penale, diritto transitorio, diritto penale internazionale, i soggetti, il reato, l'imputabilita$fa cura del prof. Gian Domenico Pisapia$v1 205 $a5. ed. aggiornata dai professori P. Nuvolone e G. D. Pisapia 210 $aTorino$cUTET$d1985 215 $aXIX, 881 p$d25 cm 461 $10010080970$12001$aTrattato di diritto penale italiano 606 0 $aDiritto penale$xManuali 676 $a345.45 700 1$aMANZINI,$bVincenzo$0224785 702 1$aPISAPIA,$bGian Domenico 801 0$aIT$bsalbc$gISBD 912 $a990000809730203316 951 $aXXVI.1.B. 8/1a (345.45 MAN)$b64183 E.C.$cXXVI.1.B. 8/1a (345.45)$d00252019 959 $aBK 969 $aGIU 979 $aPATTY$b90$c20011220$lUSA01$h0914 979 $aPATRY$b90$c20020129$lUSA01$h1811 979 $c20020403$lUSA01$h1727 979 $aPATRY$b90$c20040406$lUSA01$h1656 979 $aRSIAV4$b90$c20091117$lUSA01$h1510 996 $aScienza del diritto penale, relazioni e fonti del diritto penale, diritto transitorio, diritto penale internazionale, i soggetti, il reato, l'imputabilità$9951104 997 $aUNISA LEADER 01383aam 2200409I 450 001 9910709924503321 005 20151118015315.0 024 8 $aGOVPUB-C13-4b871f278b30145f2c0c21f3bb7d9836 035 $a(CKB)5470000002475024 035 $a(OCoLC)929878412 035 $a(EXLCZ)995470000002475024 100 $a20151118d1977 ua 0 101 0 $aeng 181 $2rdacontent 182 $2rdamedia 183 $2rdacarrier 200 10$aContainer board $ecollaborative reference program for containerboard /$fE. B. Randall; J. Horlick; R. G. Powell 210 1$aGaithersburg, MD :$cU.S. Dept. of Commerce, National Institute of Standards and Technology,$d1977. 215 $a1 online resource 225 1 $aNBSIR ;$v77-1320 300 $a1977. 300 $aContributed record: Metadata reviewed, not verified. Some fields updated by batch processes. 300 $aTitle from PDF title page. 320 $aIncludes bibliographical references. 517 $aContainer board 700 $aRandall$b E. B., Jr$01386939 701 $aHorlick$b J$01386491 701 $aPowell$b R. G$01386938 701 $aRandall$b E. B., Jr$01386939 712 02$aUnited States.$bNational Bureau of Standards. 801 0$bNBS 801 1$bNBS 801 2$bGPO 906 $aBOOK 912 $a9910709924503321 996 $aContainer board$93504028 997 $aUNINA